Equipes des 6 Nations - Statistiques

Statistiques générales
  • Ce quiz a été pris 2 037 fois
  • Le résultat moyen est 6 sur 6
Statistiques - réponses
Équipes % Correct
France
100%
Angleterre
96%
Irlande
95%
Italie
94%
Écosse
93%
Pays de Galles
87%
Aucun quiz correspondant
Distribution des résultats
% des personnes avec chaque résultat
Percentile par nombre de réponses
Votre historique - résultats
Vous n’avez pas pris ce quiz